Normal view MARC view

Entry Nombre personal

Number of records used in: 1

001 - NÚMERO DE CONTROL

  • campo de control: 149718

003 - IDENTIFICADOR DE NÚMERO DE CONTROL

  • campo de control: SpMaBN

005 - FECHA Y HORA DE LA ÚLTIMA TRANSACCIÓN

  • campo de control: 20250822021350.0

008 - ELEMENTOS DE DATO DE LONGITUD-FIJA

  • campo de control de longitud fija: 090518n|#azznnaabn |n aac ##

040 ## - FUENTE DE CATALOGACIÓN

  • Centro catalogador/agencia de origen: SpMaBN
  • Lengua de catalogación: spa
  • Centro/agencia transcriptor: SpMaBN
  • Normas de descripción: rdc
  • Convención/Normas de encabezamiento de materia/tesauro: embne

100 1# - ENCABEZAMIENTO-NOMBRE DE PERSONA

  • Nombre de persona: Álvarez de Linera, Antonio,
  • Fechas asociadas al nombre: 1853-

375 ## - GÉNERO/SEXO

  • Género: Masculino

400 1# - TRAZADO DE VÉASE--NOMBRE DE PERSONA

  • Nombre de persona: Álvarez de Linera, A.,
  • Fechas asociadas al nombre: 1853-

400 1# - TRAZADO DE VÉASE--NOMBRE DE PERSONA

  • Nombre de persona: Álvarez de Linera Benito, Antonio,
  • Fechas asociadas al nombre: 1853-

670 ## - FUENTE DE DATOS ENCONTRADOS

  • Cita de la fuente: Reseña geognóstica y minera de la provincia de Málaga, [2008]
  • Información encontrada: $<tp> (Antonio Álvarez de Linera)

670 ## - FUENTE DE DATOS ENCONTRADOS

  • Información encontrada: (Antonio Álvarez de Linera Benito, Asturias, 15.02- 1825-10-11-1857, establecido en Málaga, Ingeniero del Cuerpo de Minas, pariente de Antonio Álvarez de Linera 1888-1961)